|
|
|
|
| LEADER |
00000cam a2200000 i 4500 |
| 001 |
1/87018 |
| 008 |
051007q19601970gr | ||| |||| ||gre|| |
| 035 |
|
|
|l 10080709
|
| 040 |
|
|
|a GR-MY-UA
|b gre
|e aacr
|
| 041 |
0 |
|
|a gre
|
| 082 |
7 |
|
|a 889.3
|2 (22)
|
| 100 |
1 |
|
|a Λασκαράτος, Ανδρέας,
|d 1811-1901.
|
| 245 |
1 |
0 |
|a Ιδού ο άνθρωπος :
|b ανθρώπινοι χαρακτήρες ή ο άνθρωπος /
|c Ανδρέα Λασκαράτου ; επιμέλεια: Ξενοφ. Ι. Καρακάλου.
|
| 260 |
|
|
|a [Αθήνα] :
|b Μαρής,
|c [19--;].
|
| 300 |
|
|
|a 140 σ. ;
|c 22 εκ.
|
| 500 |
|
|
|a Με: Ανθρώπινοι χαρακτήρες / Α. Άντλερ
|
| 650 |
0 |
0 |
|a Greek literature, Modern
|x Essays.
|
| 700 |
1 |
|
|a Καράκαλος, Ξενοφών Ι.
|
| 852 |
|
|
|a INST
|b RHODES
|c AKA
|e 20080721
|h 889.3 ΛΑΣ
|p 005400027653
|q 005400027653
|t BK
|y 0
|
| 852 |
|
|
|a INST
|b RHODES
|c KRI
|e 20051007
|h 889.3 ΛΑΣ
|p 005400028575
|q 005400028575
|t BK
|y 0
|
| 901 |
|
|
|a BIBL4-2005-3
|
| 909 |
|
|
|a Ρ
|b 122552
|
| 909 |
|
|
|a Ρ
|b 150866
|
| 970 |
|
|
|a ΣΙΔΕΡΗ
|b ΝΕΚΤΑΡΙΑ
|z 2005/10/07
|